<The> tools of quality. 4. Histograms.

Štvrtá časť článku o hlavných nástrojoch riadenia akosti popisuje uplatnenie histogramov a ich interpretáciu pri riešení problémov vo výrobe na príklade závad v použití zosilňovačov pre telekomunikačné sústavy.

Enregistré dans:
Détails bibliographiques
Format: Chapitre de livre
Langue:anglais
Sujets:
Tags: Ajouter un tag
Pas de tags, Soyez le premier à ajouter un tag!

MARC

LEADER 00000naa a2200000 4500
001 r002629
005 20220819193613.2
041 0 |a eng 
044 |a US 
245 1 0 |a <The> tools of quality. 4.  |b Histograms. 
520 |a Štvrtá časť článku o hlavných nástrojoch riadenia akosti popisuje uplatnenie histogramov a ich interpretáciu pri riešení problémov vo výrobe na príklade závad v použití zosilňovačov pre telekomunikačné sústavy. 
610 2 0 |a nástroje riadenia 
610 2 0 |a riadenie kvality 
610 2 0 |a telekomunikácie 
610 2 0 |a diagramy